000 00594nam a2200229Ia 4500
003 OSt
005 20220924144716.0
006 a|||||r|||| 00| 0
007 ta
008 220923b |||||||| |||| 00| 0 urd d
024 _a319059
037 _cTextual
040 _aARTS
_cARTS
_burd
041 _2urd
_aurd
082 _aO168,4MNAx, D1
100 _aNajeeb Imtiaz Ali Khan Au.
_9218242
245 0 _aRuqaat-e-begumat
260 _c1901
650 _aURDU LETTERS
942 _hO168,4MNAx, D1
_cTEXL
_2CC
999 _c458024
_d458024